| 000 | 00553nam a22002057a 4500 | ||
|---|---|---|---|
| 003 | BUBTL | ||
| 008 | 201115b xxu||||| |||| 00| 0 eng d | ||
| 020 | _a0-697-37301-0 | ||
| 082 | _a338.88/MAI | ||
| 100 |
_aMaidment, Fred _93826 |
||
| 245 |
_aInternational Business _bFred Maidment |
||
| 250 | _a6th | ||
| 260 |
_aAmerica _bDushkin Publishing Group _cc1997 |
||
| 300 |
_a240 p . : _bill . ; 27cm. |
||
| 500 | _aIncludes Index | ||
| 650 |
_aBusiness _93827 |
||
| 856 |
_k0 _l0 _yDownload |
||
| 942 |
_2ddc _cBK |
||
| 999 |
_c6424 _d6424 |
||